| 000 | 00450nam a22001697a 4500 | ||
|---|---|---|---|
| 003 | BD-ChCU | ||
| 005 | 20260510120853.0 | ||
| 008 | 260510b bg ||||| |||| 00| 0 ben d | ||
| 040 | _cBD-ChCU | ||
| 082 | _a572 TRM | ||
| 245 |
_aMan and his works ./ _cWebster P , True . |
||
| 260 |
_aNew York : _bSimon and Schuster , _cC 1960 |
||
| 300 | _aV . 3 | ||
| 650 | 0 |
_aAnthropology . _922685 |
|
| 700 |
_aTrue , Webster p . _922684 |
||
| 942 |
_2ddc _cBK _n0 |
||
| 999 |
_c112826 _d112826 |
||